A Concise History of Photography /
Guardado en:
| Autor principal: | |
|---|---|
| Otros autores: | |
| Formato: | Libro |
| Idioma: | Inglés |
| Publicado: |
Londres, Inglaterra :
Thames and Hudson,
1965, c1965
|
| Colección: | (The World of Art Library. General)
|
| Temas: | |
| Etiquetas: |
Sin etiquetas, Sé el primero en etiquetar este registro!
|
MARC
| LEADER | 00000nam^a2200000^a^4500 | ||
|---|---|---|---|
| 001 | 000618854 | ||
| 005 | 20250820000000.0 | ||
| 009 | 20260310133808.972 | ||
| 037 | |a Acervo ITESO - Biblioteca | ||
| 041 | |a ING | ||
| 082 | |a 770. 9 |b GER | ||
| 100 | |a Gernsheim, Helmut |e (autor) | ||
| 245 | 1 | 2 | |a A Concise History of Photography / |c H. Gernsheim, A. Gernsheim. |
| 264 | 4 | |a Londres, Inglaterra : |b Thames and Hudson, |c 1965, c1965 | |
| 300 | |a 314 p. | ||
| 336 | |a texto |b txt |2 rdacontenido | ||
| 337 | |a sin mediación |b n |2 rdamedio | ||
| 338 | |a volumen |b nc |2 rdasoporte | ||
| 440 | 5 | |a (The World of Art Library. |p General) | |
| 649 | |a XX | ||
| 650 | |a Daguerrotipo | ||
| 650 | |a Fotografía - |x Reproducción | ||
| 650 | |a Fotografía - |x Procesos de Impresión | ||
| 650 | |a Fotografía en Color | ||
| 650 | |a Fotografía en Blanco y Negro | ||
| 650 | |a Fotografía Estenopeica | ||
| 650 | |a Fotografía - |x Técnica | ||
| 650 | |a Fotografía - |x Teoría | ||
| 650 | |a Fotografía - |x Historia y Crítica - |x Tema Principal | ||
| 650 | |a Arte - |x Historia y Crítica | ||
| 700 | |a Gernsheim, Alison |e (autor) | ||
| 910 | |a Fondo Castillo-Martínez | ||
| 920 | |a Impresos - Libros | ||
| 930 | |a Fondos Especiales | ||
| 905 | |a 127 | ||
| 901 | |a 618854-10 |b IT2 |c ESP |i D129404 |u 20250820 | ||
| 902 | |a https://opac.biblio.iteso.mx/vufind/Record/000618854 | ||